Losing Goalscorers In FA Cup Finals (2000-2024) - Statistics

General Stats
  • This quiz has been taken 31 times
    21 since last reset
  • The average score is 7 of 12
Answers on the Grid
Answers color-coded by a green-red scale on the quiz's grid according to % correct below.
Nwankwo Kanu
Freddie Ljungberg
John Carew
Paul Konchesky
Louis Saha
Emmanuel Adebayor
Andy Carroll
Louis Saha
Curtis Davies
Jason Puncheon
Marcus Rashford
Diego Costa
Peter Crouch
Christian Pulisic
Bruno Fernandes
Joe Cole
Maynor Figueroa
Jérémy Doku
Dean Ashton
Didier Drogba
 
Answer Stats
Answer % Correct
Louis Saha
100%
Andy Carroll
67%
Bruno Fernandes
67%
Curtis Davies
67%
Dean Ashton
67%
Freddie Ljungberg
67%
Jason Puncheon
67%
Louis Saha
67%
Paul Konchesky
67%
Christian Pulisic
33%
Diego Costa
33%
Jérémy Doku
33%
No matching quizzes found
Score Distribution
Percent of People with Each Score
Percentile by Number Answered
Your Score History
You have not taken this quiz since the last reset